| 000 | 01162nam a22003617a 4500 | ||
|---|---|---|---|
| 001 | 0004763 | ||
| 003 | KOHA_MİRAKIL | ||
| 005 | 20260207001425.0 | ||
| 007 | ta | ||
| 008 | 090506b1995 us |||gr||||#||||0|eng | | ||
| 020 | _a0070655065 | ||
| 040 |
_aTR-BiSEU _btur _cTR-BiSEU _erda |
||
| 041 | 0 | _aeng | |
| 044 | _cus | ||
| 050 |
_aQA76 _b.F816 1995 |
||
| 245 | 0 |
_aFundamentals of computing I : _blogic, problem solving, programs, and computers/ _cAllen B. Tucker ... [et al.]. |
|
| 250 | _aC++ ed. | ||
| 264 | 1 |
_aNew York : _bMcGraw-Hill _c1995 |
|
| 300 | _axxii, 494 sayfa: resimli | ||
| 336 |
_ametin _btxt _2rdacontent |
||
| 337 |
_aaracısız _bn _2rdamedia |
||
| 338 |
_acilt _bnc _2rdacarrier |
||
| 490 | 0 | _aMcGraw-Hill series in computer science. | |
| 490 | 0 | _aFundamentals of computing and programming | |
| 500 | _aC++ laboratory manual. xi, 228 p. | ||
| 500 | _aDizin var. | ||
| 650 | 0 |
_aElectronic data processing. _911592 |
|
| 650 | 0 |
_aComputers. _94334 |
|
| 650 | 0 |
_aComputer science. _91610 |
|
| 830 | 0 |
_aMcGraw-Hill series in computer science. _911707 |
|
| 830 | 0 |
_aFundamentals of computing and programming _911708 |
|
| 942 |
_2lcc _cBK |
||
| 999 |
_c4745 _d4745 |
||